Preferenčné regionálne obchodné dohody ako uprednostňovaný nástroj zahraničnoobchodnej politiky

Presadzovanie preferenčných regionálnych obchodných dohôd (PROD) v medzinárodnom obchode. Pojem PROD v súlade s článkom XXIV GATT. Regionálny verzus globálny freetradizmus. Vývoj PROD vo svetovom hospodárstve. Regionálne usporiadania slobodného obchodu (Free trade arrangements). Slobodný obchod a...

Full description

Saved in:
Bibliographic Details
Main Author: Kosír, Igor
Format: Book Chapter
Language:Slovak
Subjects:
Tags: Add Tag
No Tags, Be the first to tag this record!

MARC

LEADER 00000naa$a2200000$$$4500
001 0059117
005 20240502071647.0
041 0 |a slo 
044 |a SK 
245 1 0 |a Preferenčné regionálne obchodné dohody ako uprednostňovaný nástroj zahraničnoobchodnej politiky  |c Igor Kosír 
520 |a Presadzovanie preferenčných regionálnych obchodných dohôd (PROD) v medzinárodnom obchode. Pojem PROD v súlade s článkom XXIV GATT. Regionálny verzus globálny freetradizmus. Vývoj PROD vo svetovom hospodárstve. Regionálne usporiadania slobodného obchodu (Free trade arrangements). Slobodný obchod a preferenčné regionálne obchodné dohody. Funkcie a dosahy preferenčných regionálnych obchodných dohôd. 
610 2 0 |a obchod medzinárodný 
610 2 0 |a dohody obchodné medzinárodné 
610 2 0 |a obchod voľný 
610 2 0 |a hospodárstvo svetové 
610 2 0 |a služby obchodné 
100 1 |a Kosír, Igor